| 000 | 00706nam a22002537a 4500 | ||
|---|---|---|---|
| 001 | BR9606916 | ||
| 003 | BR-BrBNA | ||
| 005 | 20230928095318.0 | ||
| 007 | ta | ||
| 008 | 230509b bl.||||| |||| 00| 0 por d | ||
| 040 |
_aBR-BrBNA _bpor _cBiblioteca Nacional de Agricultura |
||
| 041 | _a(Por) | ||
| 072 |
_aL70; L72 _b4030 |
||
| 090 | _ 4030 BR9606916 | ||
| 110 | 1 |
_aUniversidade Federal de Pelotas, RS (Brasil). Faculdade de Veterinaria _910886 |
|
| 245 | 1 | _a6. Encontro de Pesquisa Veterinaria | |
| 260 | 3 |
_aPelotas, RS (Brasil): _c1986. |
|
| 300 | _a53 p. | ||
| 650 | _aVeterinaria | ||
| 650 | _aAnestesia | ||
| 650 | _aPraga de Animal | ||
| 909 |
_a202309 _bLucia _c55 _dLucia Elande |
||
| 942 | _cBK | ||
| 999 |
_c55820 _d55820 |
||